000 01265nam1a22002531 4500
001 rc\318096
005 20030307122227.5
035 _a(NLR Aleph) 005631303
090 _a6577936
_c6577936
100 _a20030307d1990 u |0rusy50 ca
101 0 _arus
102 _aRU
105 _ay |||||||||
200 1 _aЗемельно-водные ресурсы, гидрологическая характеристика рек и паспорта водозаборных узлов оросительных систем Чуйской долины
_e[В 3 ч.]
_fГос. ком. КиргССР по сел. хоз-ву и продовольствию и др.
_g[Принимали участие Н.К. Айманбаев и др.]
210 _aФрунзе
_cКирг. НИИЭагропрома
_d1990
215 _d20
300 _aВ надзаг. также: М-во мелиорации и вод. хоз-ва КиргССР, Кирг. НИИ экономики агропрома
702 1 _aАйманбаев
_bН. К.
_4570
712 0 1 _aКиргССР
_bКом. по сельскому хозяйству и продовольствию
801 0 _aRU
_bNLR
_gpsbo
801 1 _aRU
_bELAR
_2rusmarc
852 _aNLR
_j90-3/6740
942 _cBOOK
980 _aNB